[Event "NAYCC U10"]
[Site "Windsor CAN"]
[Date "2016.08.08"]
[Round "2.145"]
[White "Dinatolo, Zack"]
[Black "Fu, Steven"]
[Result "1-0"]
[WhiteElo "1365"]
[BlackElo "826"]
[PlyCount "163"]
[EventDate "2016.08.07"]
[EventType "swiss"]
[EventRounds "9"]
[EventCountry "CAN"]

1. e4 e5 2. Nf3 Nc6 3. Bc4 Be7 4. c3 Nf6 5. d3 O-O 6. O-O d6 7. Be3 Bg4 8. Nbd2
a6 9. a4 d5 10. exd5 Nxd5 11. Qb3 Nxe3 12. fxe3 Na5 13. Qc2 Nc6 14. d4 exd4 15.
cxd4 Qd7 16. Bd3 g6 17. Nc4 Nb4 18. Nfe5 Nxc2 19. Nxd7 Nxa1 20. Nxf8 Rxf8 21.
Rxa1 f6 22. Na5 Bc8 23. Nc4 c5 24. d5 f5 25. Nb6 Bf6 26. Rb1 Rd8 27. Bc4 Kg7
28. d6 Bd7 29. Bd5 Bc6 30. Bxc6 bxc6 31. d7 Kf7 32. Rc1 f4 33. Rxc5 fxe3 34.
Rxc6 Bd4 35. Kf1 Bxb6 36. Rxb6 Rxd7 37. Rxa6 Rd2 38. b4 e2+ 39. Ke1 Rb2 40. b5
Ke7 41. b6 Kd7 42. a5 Kc8 43. Ra8+ Kb7 44. Ra7+ Kb8 45. Rxh7 Rb1+ 46. Kxe2 Rb2+
47. Kf3 Rb3+ 48. Kg4 Rb5 49. Rh6 Rxa5 50. Rxg6 Ra2 51. Kh3 Ra3+ 52. g3 Ra4 53.
Rg4 Ra6 54. Rg6 Ra4 55. g4 Ra2 56. Kg3 Kb7 57. h3 Ra5 58. Kh4 Rb5 59. Rf6 Kc8
60. g5 Kd7 61. b7 Ke7 62. Kh5 Rxb7 63. Kg6 Rb3 64. h4 Rb8 65. Kg7 Rb5 66. Rf7+
Ke8 67. g6 Rh5 68. Rf4 Ke7 69. Re4+ Kd7 70. Kf8 Rf5+ 71. Kg8 Rh5 72. g7 Ra5 73.
Kf7 Rf5+ 74. Kg6 Rf3 75. Rg4 Re3 76. g8=Q Re6+ 77. Kf5 Re1 78. Qd5+ Kc7 79.
Rc4+ Kb6 80. Rc6+ Kb7 81. Qd7+ Ka8 82. Rc8# 1-0

[Event "NAYCC U10"]
[Site "Windsor CAN"]
[Date "2016.08.08"]
[Round "2.146"]
[White "Marcelloni, Jacob"]
[Black "Zhang, Henry Z"]
[Result "0-1"]
[WhiteElo "786"]
[BlackElo "1315"]
[PlyCount "60"]
[EventDate "2016.08.07"]
[EventType "swiss"]
[EventRounds "9"]
[EventCountry "CAN"]

1. d4 Nf6 2. Nf3 g6 3. c4 Bg7 4. Nc3 d6 5. Bf4 O-O 6. e3 Nc6 7. Be2 Nh5 8. Nd5
e6 9. Ng5 Nxf4 10. Nxf4 Qxg5 11. O-O Ne7 12. Nh3 Qh4 13. Bg4 f5 14. g3 Qh6 15.
Bf3 Qxh3 16. d5 e5 17. Bg2 Qh6 18. f4 exf4 19. Rxf4 Bxb2 20. Rb1 Be5 21. Rh4
Qxe3+ 22. Kh1 f4 23. gxf4 Bxf4 24. Bf3 Bg3 25. Rb2 Rxf3 26. Qxf3 Qxf3+ 27. Kg1
Bxh4 28. h3 Bxh3 29. a3 Bg3 30. a4 Qf1# 0-1

[Event "NAYCC U10"]
[Site "Windsor CAN"]
[Date "2016.08.08"]
[Round "2.147"]
[White "Xie, Austin"]
[Black "Ripley, Noah"]
[Result "1-0"]
[WhiteElo "1232"]
[BlackElo "684"]
[PlyCount "87"]
[EventDate "2016.08.07"]
[EventType "swiss"]
[EventRounds "9"]
[EventCountry "CAN"]

1. e4 e5 2. Nf3 Nc6 3. Bb5 Nd4 4. Nxd4 exd4 5. c3 dxc3 6. dxc3 Nf6 7. O-O Bc5
8. Nd2 a6 9. Bd3 d6 10. Nb3 Bg4 11. Qc2 Bb6 12. Nd4 O-O 13. f3 Be6 14. Be3 Bxd4
15. cxd4 c6 16. Bg5 h6 17. Bh4 g5 18. Bf2 Qe7 19. f4 gxf4 20. Bh4 Bd7 21. Rxf4
Kg7 22. Bxf6+ Qxf6 23. Rxf6 Kxf6 24. Rf1+ Ke7 25. Qf2 Be6 26. Qf6+ Kd7 27. d5
cxd5 28. exd5 Bxd5 29. Bf5+ Be6 30. Bxe6+ fxe6 31. Qg7+ Kc6 32. Rxf8 Rxf8 33.
Qxf8 d5 34. Qxh6 Kd7 35. g4 e5 36. g5 e4 37. g6 d4 38. Qf4 d3 39. g7 d2 40.
Qxd2+ Kc7 41. g8=Q Kb6 42. Qd4+ Kc7 43. Qgd8+ Kc6 44. Q8d7# 1-0

[Event "NAYCC U10"]
[Site "Windsor CAN"]
[Date "2016.08.08"]
[Round "2.126"]
[White "Kamath, Atul"]
[Black "Issani, Nameer"]
[Result "0-1"]
[WhiteElo "1637"]
[BlackElo "1972"]
[PlyCount "50"]
[EventDate "2016.08.07"]
[EventType "swiss"]
[EventRounds "9"]
[EventCountry "CAN"]

1. e4 e5 2. Nf3 Nc6 3. Bc4 Bc5 4. c3 Nf6 5. d3 d6 6. a4 a5 7. h3 h6 8. O-O Ba7
9. Re1 O-O 10. Nbd2 Ne7 11. Nf1 Ng6 12. Ng3 c6 13. Ba2 Re8 14. d4 Qc7 15. Be3
Nf4 16. Qd2 g5 17. Bxf4 exf4 18. Nf5 Kh7 19. e5 Bxf5 20. exf6 Qd7 21. Rxe8 Rxe8
22. Re1 Kg6 23. Rxe8 Qxe8 24. d5 c5 25. c4 Qxa4 0-1

[Event "NAYCC U10"]
[Site "Windsor CAN"]
[Date "2016.08.08"]
[Round "2.127"]
[White "Pan, Kevin"]
[Black "Oberoi, Shelev"]
[Result "1-0"]
[WhiteElo "1936"]
[BlackElo "1618"]
[PlyCount "137"]
[EventDate "2016.08.07"]
[EventType "swiss"]
[EventRounds "9"]
[EventCountry "CAN"]

1. e4 e5 2. Nf3 Nc6 3. Bb5 a6 4. Ba4 b5 5. Bb3 Na5 6. c3 Nxb3 7. Qxb3 d6 8. O-O
Bg4 9. d4 Bxf3 10. gxf3 Nf6 11. a4 Rb8 12. Rd1 Nd7 13. axb5 axb5 14. Be3 Qf6
15. Nd2 Be7 16. Ra7 Bd8 17. d5 Qg6+ 18. Kh1 O-O 19. Ra5 b4 20. Ba7 bxc3 21.
Bxb8 cxd2 22. Ba7 Bg5 23. Be3 Rb8 24. Rb5 Rxb5 25. Qxb5 Nf8 26. Qd3 Qh5 27.
Bxg5 Qxg5 28. Qxd2 Qf6 29. Qe3 Ng6 30. Rc1 Nh4 31. Rxc7 h6 32. Rc1 Nxf3 33. Kg2
Nd4 34. b4 Qg6+ 35. Kf1 Qh5 36. Kg2 Qg4+ 37. Kf1 Nf3 38. Ke2 Nxh2+ 39. f3 Qd7
40. Rh1 Qa4 41. Rxh2 Qc2+ 42. Qd2 Qc4+ 43. Kf2 Kh7 44. Rh1 f6 45. Rb1 f5 46.
Qe2 Qd4+ 47. Kf1 g6 48. b5 fxe4 49. fxe4 Qc3 50. b6 Qh3+ 51. Kf2 Qh2+ 52. Ke3
Qf4+ 53. Kd3 Qf8 54. b7 Qb8 55. Qc2 h5 56. Qc8 Qa7 57. Rb4 Qa3+ 58. Qc3 Qa6+
59. Qc4 Qa3+ 60. Rb3 Qa1 61. b8=Q Qb1+ 62. Rxb1 h4 63. Qcc7+ Kh6 64. Qh8+ Kg5
65. Qe7+ Kf4 66. Rf1+ Kg3 67. Qexh4+ Kg2 68. Rf2+ Kg1 69. Qh2# 1-0

[Event "NAYCC U10"]
[Site "Windsor CAN"]
[Date "2016.08.08"]
[Round "3.128"]
[White "Prestia, Frank"]
[Black "Vu, Leonard"]
[Result "0-1"]
[WhiteElo "1640"]
[BlackElo "1862"]
[PlyCount "98"]
[EventDate "2016.08.07"]
[EventType "swiss"]
[EventRounds "9"]
[EventCountry "CAN"]

1. d4 c5 2. c3 e6 3. Nf3 Nf6 4. Bg5 d5 5. e3 b6 6. Bb5+ Bd7 7. Bxd7+ Nbxd7 8.
O-O Bd6 9. Nbd2 h6 10. Bh4 g5 11. Bg3 Bxg3 12. fxg3 Ng4 13. Qe2 h5 14. e4 Kf8
15. h3 Nh6 16. h4 gxh4 17. Nxh4 Qg5 18. Rf3 Rh7 19. exd5 Qxd5 20. Qd3 Kg8 21.
Re1 cxd4 22. cxd4 Rd8 23. Qe3 Ng4 24. Qf4 Ndf6 25. Nb3 a5 26. a4 Qc4 27. Rc1
Qxa4 28. Qc7 Rxd4 29. Qxb6 Rb4 30. Qd8+ Kg7 31. Nc5 Qc6 32. b3 Rb5 33. Qd4 Qb6
34. Kh1 Rh8 35. Rfc3 Rb4 36. Qd2 Rd8 37. Qg5+ Kh7 38. Nf3 Nf2+ 39. Kh2 N2g4+
40. Kh1 Rd5 41. Nxe6 Qxe6 42. Rc6 Qe2 43. Re1 Qxe1+ 44. Nxe1 Rxg5 45. Rc3 Re5
46. Nf3 Rbe4 47. Rc1 Rd5 48. Ng1 Nf2+ 49. Kh2 N6g4# 0-1

[Event "NAYCC U10"]
[Site "Windsor CAN"]
[Date "2016.08.08"]
[Round "3.129"]
[White "Prem, Pranav"]
[Black "Kondakov, Adrian"]
[Result "1-0"]
[WhiteElo "1725"]
[BlackElo "1675"]
[PlyCount "119"]
[EventDate "2016.08.07"]
[EventType "swiss"]
[EventRounds "9"]
[EventCountry "CAN"]

1. d4 Nf6 2. c4 g6 3. Nc3 Bg7 4. Nf3 d6 5. Bf4 O-O 6. e3 Nbd7 7. Be2 Re8 8. O-O
e5 9. dxe5 dxe5 10. Nxe5 Nxe5 11. Qxd8 Rxd8 12. Bxe5 c6 13. Rfd1 Bf5 14. Rxd8+
Rxd8 15. Rd1 Rxd1+ 16. Bxd1 Kf8 17. Kf1 Ke7 18. Ke2 h5 19. Bd4 b6 20. b4 Ne8
21. Ba4 Bxd4 22. exd4 Bd7 23. Bc2 Nd6 24. Bd3 g5 25. c5 bxc5 26. dxc5 Ne8 27.
Ne4 g4 28. Ke3 f5 29. Nc3 Nc7 30. Bc4 Kf6 31. Kf4 Be8 32. a4 a6 33. Ne2 Bd7 34.
Nd4 a5 35. b5 cxb5 36. axb5 Ne8 37. c6 Bc8 38. b6 Nd6 39. Bd5 a4 40. b7 Bxb7
41. cxb7 Nxb7 42. Bxb7 a3 43. Nc2 a2 44. Bd5 a1=Q 45. Nxa1 h4 46. Bb7 g3 47.
fxg3 hxg3 48. hxg3 Kg6 49. Bc8 Kf6 50. Bxf5 Kg7 51. g4 Kf6 52. g5+ Kg7 53. g6
Kf6 54. Nb3 Kg7 55. Ke5 Kg8 56. Kf6 Kf8 57. g7+ Kg8 58. Be6+ Kh7 59. g8=Q+ Kh6
60. Qh8# 1-0

[Event "NAYCC U10"]
[Site "Windsor CAN"]
[Date "2016.08.08"]
[Round "3.130"]
[White "Tang, Andrew"]
[Black "Trakru, Rohun"]
[Result "0-1"]
[WhiteElo "1539"]
[BlackElo "1724"]
[PlyCount "82"]
[EventDate "2016.08.07"]
[EventType "swiss"]
[EventRounds "9"]
[EventCountry "CAN"]

1. e4 e6 2. b3 d5 3. Bb2 Nf6 4. e5 Nfd7 5. Nf3 c5 6. d4 Nc6 7. c3 f6 8. exf6
Nxf6 9. Bb5 Bd6 10. Ba3 Qe7 11. Qe2 O-O 12. dxc5 Bxc5 13. b4 Bd6 14. Nbd2 a5
15. Bxc6 axb4 16. Bxb4 Bxb4 17. Bxb7 Bxb7 18. cxb4 Rfb8 19. b5 Bc8 20. O-O Ra4
21. Ne5 Qe8 22. Nc6 Rb6 23. Qd1 Ra3 24. Nb1 Ra8 25. a4 Bd7 26. Nd4 Bxb5 27.
Nxb5 Rxb5 28. axb5 Rxa1 29. Qd4 Ra8 30. Nc3 e5 31. Qb4 d4 32. Na4 Qf8 33. Qb3+
Qf7 34. Qd1 Rb8 35. Qe2 Qd5 36. b6 Nd7 37. Qa6 Ra8 38. Qd3 Rxa4 39. Rb1 Ra8 40.
b7 Rb8 41. Qa6 d3 0-1

[Event "NAYCC U10"]
[Site "Windsor CAN"]
[Date "2016.08.08"]
[Round "3.131"]
[White "Zheng, Michael"]
[Black "Rusonik, Max"]
[Result "1/2-1/2"]
[WhiteElo "1811"]
[BlackElo "1804"]
[PlyCount "148"]
[EventDate "2016.08.07"]
[EventType "swiss"]
[EventRounds "9"]
[EventCountry "CAN"]

1. e4 e5 2. Nf3 Nc6 3. Bc4 Nf6 4. d3 Bc5 5. O-O d6 6. c3 Bg4 7. h3 Bh5 8. Re1
O-O 9. Nbd2 Ne7 10. Nf1 Qd7 11. Ng3 Bg6 12. a4 a5 13. Qb3 Nh5 14. Nxh5 Bxh5 15.
Qd1 Qc8 16. Be3 Bxe3 17. fxe3 Kh8 18. Rf1 f5 19. exf5 Nxf5 20. Qe1 Bf7 21. Bxf7
Rxf7 22. Ng5 Rf6 23. g4 Ne7 24. Qh4 Qg8 25. Rxf6 gxf6 26. Ne4 f5 27. Nxd6 cxd6
28. Qxe7 fxg4 29. Qf6+ Qg7 30. Qxg7+ Kxg7 31. hxg4 Kg6 32. Kg2 Rf8 33. Kg3 Kg5
34. Rh1 h6 35. Rh5+ Kg6 36. e4 Rf1 37. Rf5 Rb1 38. d4 Rxb2 39. dxe5 dxe5 40.
Rxe5 b6 41. Kf4 Kf6 42. Rh5 Kg6 43. Rd5 Rb3 44. Rd6+ Kg7 45. Rc6 b5 46. axb5
Rxb5 47. Ra6 Rc5 48. c4 h5 49. gxh5 Rxh5 50. Kg4 Rc5 51. Kf4 Rxc4 52. Rxa5 Kf6
53. Ra6+ Kf7 54. Kf5 Rc1 55. Ra7+ Kf8 56. Ke6 Rc6+ 57. Kd7 Rc1 58. Ra6 Rd1+ 59.
Rd6 Ra1 60. e5 Ra7+ 61. Kc6 Ra6+ 62. Kd5 Ra1 63. e6 Rd1+ 64. Kc6 Ra1 65. Rd7
Ra6+ 66. Kd5 Ra5+ 67. Kd6 Ra6+ 68. Ke5 Ra1 69. Rd8+ Ke7 70. Rd7+ Ke8 71. Kd6
Rd1+ 72. Kc7 Rc1+ 73. Kd6 Rd1+ 74. Kc7 Rc1+ 1/2-1/2

[Event "NAYCC U10"]
[Site "Windsor CAN"]
[Date "2016.08.08"]
[Round "3.132"]
[White "Liu, Kevin"]
[Black "Prestia, Paris"]
[Result "0-1"]
[WhiteElo "914"]
[BlackElo "1591"]
[PlyCount "122"]
[EventDate "2016.08.07"]
[EventType "swiss"]
[EventRounds "9"]
[EventCountry "CAN"]

1. e4 c5 2. c3 d5 3. exd5 Qxd5 4. d4 Nf6 5. h3 Bf5 6. Nf3 e6 7. Be2 Be7 8. O-O
h6 9. Bf4 O-O 10. Ne5 Nc6 11. Bf3 Be4 12. Bxe4 Qxe4 13. Nxc6 Qxc6 14. Be3 Rfd8
15. Qe2 Nd7 16. Nd2 Bf6 17. Nb3 c4 18. Na5 Qb5 19. Nb3 a6 20. Nd2 Qxb2 21. Qxc4
Rac8 22. Qb4 Qxc3 23. Qxb7 Bxd4 24. Ne4 Qb2 25. Qxb2 Bxb2 26. Rab1 Ba3 27. Rfd1
Ne5 28. Rxd8+ Rxd8 29. Rb6 Ra8 30. Bf4 Ng6 31. Rb8+ Rxb8 32. Bxb8 Kf8 33. Kf1
Ke7 34. Ke1 Kd7 35. Kd2 Kc6 36. Kc3 Kd5 37. Nd2 Bc5 38. Bg3 Ne5 39. Nb3 Bb6 40.
f3 f5 41. Be1 Nc4 42. Nd2 Nxd2 43. Bxd2 Ba5+ 44. Kc2 Bxd2 45. Kxd2 Kd4 46. g3
g5 47. g4 f4 48. a3 e5 49. a4 e4 50. fxe4 Kxe4 51. Ke2 f3+ 52. Kf2 Kf4 53. a5
Ke4 54. Kg1 Ke3 55. Kf1 f2 56. h4 gxh4 57. g5 hxg5 58. Kg2 g4 59. Kf1 g3 60.
Kg2 h3+ 61. Kxh3 f1=Q+ 0-1

[Event "NAYCC U10"]
[Site "Windsor CAN"]
[Date "2016.08.08"]
[Round "3.133"]
[White "Balachandran, Kousihan"]
[Black "Kamath, Atul"]
[Result "1-0"]
[WhiteElo "1400"]
[BlackElo "1637"]
[PlyCount "65"]
[EventDate "2016.08.07"]
[EventType "swiss"]
[EventRounds "9"]
[EventCountry "CAN"]

1. e4 e5 2. Nf3 Nc6 3. d4 exd4 4. Nxd4 Nf6 5. Nc3 Bb4 6. Nxc6 bxc6 7. Bd3 h6 8.
O-O O-O 9. Bd2 Re8 10. Re1 Rb8 11. a3 Be7 12. b4 d6 13. Be3 Ra8 14. Be2 Nd7 15.
Bf3 Ne5 16. Qe2 Bf6 17. Bd2 Nxf3+ 18. Qxf3 Be6 19. Rad1 Qd7 20. h3 Reb8 21. Nb1
Qc8 22. Bxh6 Be5 23. Bf4 Bf6 24. e5 dxe5 25. Bxe5 Bxe5 26. Rxe5 Bd5 27. Qg3 Qf8
28. Nc3 Be6 29. Rc5 Rb7 30. Rxc6 Rc8 31. Qf3 Rb6 32. Rc5 Ra6 33. Nb5 1-0

[Event "NAYCC U10"]
[Site "Windsor CAN"]
[Date "2016.08.08"]
[Round "3.134"]
[White "Oberoi, Shelev"]
[Black "Singireddy, Ruthvik"]
[Result "1/2-1/2"]
[WhiteElo "1618"]
[BlackElo "1398"]
[PlyCount "59"]
[EventDate "2016.08.07"]
[EventType "swiss"]
[EventRounds "9"]
[EventCountry "CAN"]

1. e4 e5 2. Nf3 Nc6 3. Bc4 Bc5 4. c3 Nf6 5. d4 exd4 6. cxd4 Bb4+ 7. Bd2 Bxd2+
8. Nbxd2 d5 9. exd5 Nxd5 10. O-O O-O 11. Ne5 Nxe5 12. dxe5 Nb6 13. Bb3 Re8 14.
Qh5 Be6 15. Bxe6 Rxe6 16. Nf3 Qe7 17. b3 Nd7 18. Rfe1 Re8 19. Rad1 f6 20. Qf5
Nxe5 21. Rf1 Nxf3+ 22. Qxf3 c6 23. h3 Re2 24. Qg4 Qe4 25. Qd7 Re7 26. Qd8+ Kf7
27. Rd4 Qe6 28. Rg4 Re8 29. Qa5 Re1 30. Qh5+ 1/2-1/2

[Event "NAYCC U10"]
[Site "Windsor CAN"]
[Date "2016.08.08"]
[Round "3.136"]
[White "Srinivas, Atharva"]
[Black "Guipi Bopala, Prince Eric jr"]
[Result "0-1"]
[WhiteElo "1388"]
[BlackElo "1572"]
[PlyCount "52"]
[EventDate "2016.08.07"]
[EventType "swiss"]
[EventRounds "9"]
[EventCountry "CAN"]

1. e4 e5 2. Nf3 Nc6 3. Bb5 a6 4. Ba4 Nf6 5. O-O b5 6. Bb3 Be7 7. Re1 O-O 8. c3
d5 9. exd5 Nxd5 10. Nxe5 Nxe5 11. Rxe5 c6 12. Bxd5 cxd5 13. d4 Be6 14. Re1 Bd6
15. Be3 Qh4 16. h3 Rae8 17. Nd2 f5 18. Nf3 Qf6 19. Bd2 f4 20. Qb3 Qg6 21. Kh1
Qh5 22. Ne5 f3 23. Nxf3 Rxf3 24. gxf3 Qxh3+ 25. Kg1 Qh2+ 26. Kf1 Bh3# 0-1

[Event "NAYCC U10"]
[Site "Windsor CAN"]
[Date "2016.08.08"]
[Round "3.137"]
[White "Zhang, Henry Z"]
[Black "Chen, Max"]
[Result "0-1"]
[WhiteElo "1315"]
[BlackElo "1536"]
[PlyCount "122"]
[EventDate "2016.08.07"]
[EventType "swiss"]
[EventRounds "9"]
[EventCountry "CAN"]

1. e4 c5 2. c3 d5 3. exd5 Qxd5 4. d4 cxd4 5. cxd4 Nc6 6. Nc3 Bg4 7. Nf3 Qh5 8.
Be2 Nf6 9. O-O e6 10. Bf4 Be7 11. Rc1 O-O 12. Ne5 Nxe5 13. Bxe5 Rfd8 14. Bxf6
Bxe2 15. Qxe2 Qxe2 16. Nxe2 Bxf6 17. Rfd1 Rd7 18. g3 Kf8 19. Rc3 Rad8 20. Rb3
b6 21. Ra3 Ke8 22. Kg2 Ra8 23. Ra4 Kd8 24. Rc1 a5 25. Rac4 Rb8 26. a4 Ke7 27.
Kf3 b5 28. axb5 Rxb5 29. R1c2 Rdb7 30. Rc7+ Rxc7 31. Rxc7+ Kd6 32. Rc2 Rf5+ 33.
Ke3 Bg5+ 34. f4 Bf6 35. Ke4 Rb5 36. h4 Rb3 37. h5 Bd8 38. g4 g6 39. hxg6 hxg6
40. g5 Bb6 41. Nc1 Rb4 42. Ne2 a4 43. Rd2 Rc4 44. Nc3 Ke7 45. Ke5 Ba5 46. Rd3
a3 47. bxa3 Rxc3 48. Rxc3 Bxc3 49. a4 Bb4 50. d5 Bd6+ 51. Ke4 Kd7 52. dxe6+
fxe6 53. a5 Kc6 54. a6 Kb6 55. a7 Kxa7 56. Ke3 Kb6 57. Kf3 Kc5 58. Ke4 Kc4 59.
Ke3 Kd5 60. Kf3 Kd4 61. Kg3 Ke4 0-1

[Event "NAYCC U10"]
[Site "Windsor CAN"]
[Date "2016.08.08"]
[Round "3.138"]
[White "Kang, Dorian"]
[Black "Xie, Austin"]
[Result "1-0"]
[WhiteElo "1528"]
[BlackElo "1232"]
[PlyCount "175"]
[EventDate "2016.08.07"]
[EventType "swiss"]
[EventRounds "9"]
[EventCountry "CAN"]

1. c4 Nf6 2. Nc3 d6 3. g3 g6 4. Bg2 Bg7 5. d3 O-O 6. Nf3 Nc6 7. O-O e5 8. Bg5
h6 9. Bxf6 Qxf6 10. Nd5 Qd8 11. Rb1 Be6 12. b4 Bxd5 13. cxd5 Ne7 14. Nd2 Qd7
15. b5 Rfb8 16. Qc2 Rc8 17. Rfc1 Qg4 18. Bf3 Qd7 19. a4 b6 20. Rb4 Rab8 21. Rc4
Rb7 22. Nb1 h5 23. Nc3 Nf5 24. e3 Bh6 25. Kh1 Bxe3 26. fxe3 Nxe3 27. Qd2 Nxc4
28. dxc4 Kg7 29. Ne4 Rh8 30. Qg5 Qd8 31. Qxd8 Rxd8 32. a5 Rbb8 33. Ra1 Ra8 34.
Ng5 Rd7 35. g4 hxg4 36. Bxg4 f5 37. Ne6+ Kf6 38. Be2 Rh8 39. Kg2 e4 40. axb6
cxb6 41. Rf1 Rdh7 42. Rh1 g5 43. h3 f4 44. Bg4 Rh4 45. Ra1 R8h7 46. Nd4 Rc7 47.
Nc6 Rhh7 48. Re1 e3 49. Kf3 Rcg7 50. Rd1 Rh8 51. Rd4 Re8 52. Bh5 Rc8 53. Ke2
Rh7 54. Bg4 Rch8 55. Be6 Rg7 56. Rd1 Rgh7 57. Ra1 Ra8 58. Nd4 Rd8 59. Kf3 Rhh8
60. Kg4 Rh4+ 61. Kf3 Rh7 62. Bf5 Rb7 63. Kg4 Rh8 64. Nf3 Re7 65. Be6 Reh7 66.
h4 Rxh4+ 67. Nxh4 Rxh4+ 68. Kf3 Rh7 69. Bg4 Re7 70. Rh1 e2 71. Kf2 e1=Q+ 72.
Rxe1 Rxe1 73. Kxe1 Ke5 74. Kf2 Kd4 75. Be2 g4 76. Bxg4 Kxc4 77. Bd7 Kxd5 78.
Kf3 Ke5 79. Bc6 Kf5 80. Bb7 Ke5 81. Kg4 d5 82. Kf3 d4 83. Be4 Kd6 84. Kxf4 Kc5
85. Bd3 Kd5 86. Kf5 Kc5 87. Ke5 Kb4 88. Kxd4 1-0

[Event "NAYCC U10"]
[Site "Windsor CAN"]
[Date "2016.08.08"]
[Round "3.139"]
[White "Guo, Roger"]
[Black "Zhao, Jeffrey R"]
[Result "0-1"]
[WhiteElo "1183"]
[BlackElo "1496"]
[PlyCount "99"]
[EventDate "2016.08.07"]
[EventType "swiss"]
[EventRounds "9"]
[EventCountry "CAN"]

1. d4 Nf6 2. Nf3 g6 3. e3 Bg7 4. Bd3 O-O 5. b3 d6 6. Bb2 Nbd7 7. O-O c5 8. Nbd2
a6 9. e4 Qb6 10. c4 Qc7 11. Rb1 Rb8 12. e5 dxe5 13. dxe5 Ng4 14. e6 fxe6 15.
Bxg7 Kxg7 16. h3 Nge5 17. Bc2 b5 18. Ng5 Nf6 19. f4 Nc6 20. Qe2 Nd4 21. Qd1 Nh5
22. Nde4 Nxf4 23. Bd3 Bb7 24. Rb2 Rbd8 25. Rd2 h6 26. Nf3 Nxd3 27. Rxd3 Bxe4
28. Nxd4 Rxf1+ 29. Qxf1 cxd4 30. Rd2 bxc4 31. bxc4 d3 32. Qa1+ Kh7 33. Qc3 Rc8
34. Qb4 Qc5+ 35. Qxc5 Rxc5 36. Rf2 Kg7 37. Rf4 d2 38. Rf1 Bc2 39. Ra1 d1=Q+ 40.
Rxd1 Bxd1 41. Kf2 Rxc4 42. g3 Rc2+ 43. Ke1 Rxa2 44. h4 Rb2 45. Kxd1 a5 46. g4
a4 47. Kc1 Rb6 48. g5 a3 49. gxh6+ Kxh6 50. Kc2 0-1

[Event "NAYCC U10"]
[Site "Windsor CAN"]
[Date "2016.08.08"]
[Round "3.141"]
[White "Gaisinsky, Jacob"]
[Black "Bui, Alan"]
[Result "1-0"]
[WhiteElo "1167"]
[BlackElo "1404"]
[PlyCount "44"]
[EventDate "2016.08.07"]
[EventType "swiss"]
[EventRounds "9"]
[EventCountry "CAN"]

1. e4 e5 2. Nf3 Nc6 3. Bc4 Nf6 4. Ng5 d5 5. exd5 Na5 6. Bb5+ c6 7. dxc6 bxc6 8.
Bd3 Nd5 9. Nf3 Nf4 10. O-O Bd6 11. Re1 Qc7 12. b3 O-O 13. Bb2 Re8 14. g3 Nxd3
15. cxd3 c5 16. Na3 Nc6 17. Nc4 Bf5 18. Qe2 f6 19. Nxd6 Qxd6 20. Rac1 Nb4 21.
Rc3 Nxa2 22. Rc4 Bxd3 1-0

[Event "NAYCC U10"]
[Site "Windsor CAN"]
[Date "2016.08.08"]
[Round "3.142"]
[White "Tsay, William"]
[Black "Morris-Suzuki, Alan"]
[Result "1-0"]
[WhiteElo "1399"]
[BlackElo "1025"]
[PlyCount "67"]
[EventDate "2016.08.07"]
[EventType "swiss"]
[EventRounds "9"]
[EventCountry "CAN"]

1. d4 d5 2. Bf4 Nf6 3. e3 Bf5 4. Nd2 c5 5. dxc5 e6 6. b4 a5 7. c3 Nc6 8. Bb5
Ne4 9. Nxe4 Bxe4 10. f3 Bf5 11. h4 h5 12. Ne2 axb4 13. cxb4 Rc8 14. Qa4 Be7 15.
Nd4 Qd7 16. Nxf5 exf5 17. Rd1 O-O 18. Qb3 Rfd8 19. Kf2 b6 20. cxb6 Bxb4 21.
Bxc6 Qxc6 22. Qxb4 Qc2+ 23. Rd2 Qc3 24. Qxc3 Rxc3 25. b7 d4 26. exd4 f6 27.
b8=Q Rxb8 28. Bxb8 Kh7 29. d5 Kg6 30. d6 Rc8 31. d7 Rxb8 32. d8=Q Rxd8 33. Rxd8
f4 34. g3 1-0

[Event "NAYCC U10"]
[Site "Windsor CAN"]
[Date "2016.08.08"]
[Round "3.143"]
[White "Jasniewicz, Karol"]
[Black "Yuan, Edison"]
[Result "0-1"]
[WhiteElo "971"]
[BlackElo "1666"]
[PlyCount "62"]
[EventDate "2016.08.07"]
[EventType "swiss"]
[EventRounds "9"]
[EventCountry "CAN"]

1. e4 c5 2. Nf3 e6 3. Nc3 Nc6 4. Bc4 d6 5. O-O Nf6 6. d3 Be7 7. Be3 O-O 8. Qd2
a6 9. a4 d5 10. exd5 exd5 11. Nxd5 Nxd5 12. Bg5 Bxg5 13. Nxg5 h6 14. Nf3 Be6
15. b3 Nc7 16. Bxe6 Nxe6 17. c3 Qd7 18. b4 cxb4 19. cxb4 Rad8 20. Rfd1 Qd6 21.
Qc3 Qxb4 22. Qc2 Ncd4 23. Nxd4 Nxd4 24. Qa2 Qb3 25. Qd2 Qd5 26. Re1 Qg5 27. f4
Nf3+ 28. Kf2 Nxd2 29. fxg5 Nb3 30. Rab1 Nc5 31. Re3 Nxd3+ 0-1

[Event "NAYCC U10"]
[Site "Windsor CAN"]
[Date "2016.08.08"]
[Round "3.144"]
[White "Fu, Steven"]
[Black "Shlionsky, Aryah"]
[Result "1-0"]
[WhiteElo "826"]
[BlackElo "1893"]
[PlyCount "107"]
[EventDate "2016.08.07"]
[EventType "swiss"]
[EventRounds "9"]
[EventCountry "CAN"]

1. e4 e5 2. Nf3 Nc6 3. Be2 Nf6 4. Nc3 d6 5. O-O Be7 6. d3 O-O 7. Be3 Ng4 8. Bd2
Be6 9. h3 Nf6 10. Be3 h6 11. d4 exd4 12. Nxd4 Nxd4 13. Bxd4 d5 14. Bxf6 Bxf6
15. exd5 Bxc3 16. dxe6 Qxd1 17. Raxd1 Bxb2 18. Rb1 Be5 19. exf7+ Rxf7 20. Bc4
b6 21. Bxf7+ Kxf7 22. g4 Bd6 23. Rfe1 Rf8 24. Rb3 Kg8 25. Rbe3 Bc5 26. R3e2 Kh7
27. Kg2 a5 28. f3 Rf7 29. Rd1 Kg8 30. Red2 Bd6 31. Re2 Kh7 32. Rd5 Kg8 33. Rf5
Rd7 34. Rd5 Rf7 35. h4 Kh7 36. h5 Rd7 37. Rd4 Rf7 38. Rde4 Bf8 39. Rd2 Bd6 40.
Re8 Rf6 41. Rc8 Rf7 42. Re2 Bf8 43. Ree8 Kg8 44. Kg3 Rf6 45. f4 Rf7 46. f5 Rf6
47. Kf4 Rf7 48. Ke4 Rf6 49. Kd4 Rf7 50. Kc4 c5 51. Kb5 Rf6 52. c4 Rf7 53. Kxb6
a4 54. Rxc5 1-0

[Event "NAYCC U10"]
[Site "Windsor CAN"]
[Date "2016.08.08"]
[Round "3.145"]
[White "Vijayakumar, Advaith"]
[Black "Chen, Bryan"]
[Result "1-0"]
[WhiteElo "1402"]
[BlackElo "918"]
[PlyCount "119"]
[EventDate "2016.08.07"]
[EventType "swiss"]
[EventRounds "9"]
[EventCountry "CAN"]

1. d4 Nc6 2. c4 d5 3. Nc3 Nf6 4. Bf4 a6 5. e3 Bg4 6. Qb3 Rb8 7. cxd5 Na7 8. h3
Bh5 9. Bd3 Rc8 10. Qxb7 Nb5 11. Nxb5 axb5 12. Bxb5+ Nd7 13. Bxd7+ Qxd7 14. Qc6
Qxc6 15. dxc6 e6 16. a4 Bb4+ 17. Kf1 O-O 18. g4 Bg6 19. f3 f6 20. Ne2 e5 21.
Bg3 f5 22. Kg2 fxg4 23. hxg4 e4 24. f4 Bf7 25. Bf2 Bc4 26. Ng3 g5 27. fxg5 Rf3
28. Nxe4 Rcf8 29. Nf6+ R8xf6 30. gxf6 Bd5 31. Kg1 Bd6 32. Rh5 Bc4 33. Rf5 Be2
34. Rxf3 Bxf3 35. a5 Kf7 36. a6 Bxc6 37. a7 Kxf6 38. a8=Q Bxa8 39. Rxa8 h6 40.
Bh4+ Kf7 41. g5 Kg6 42. gxh6 Kxh6 43. Ra6 Kh5 44. Rxd6 cxd6 45. Be7 d5 46. b4
Kg6 47. b5 Kf7 48. b6 Kxe7 49. b7 Kd7 50. b8=Q Ke6 51. Qe5+ Kd7 52. Qxd5+ Ke7
53. Qc6 Kf7 54. Kf2 Ke7 55. Kf3 Kf7 56. Ke4 Ke7 57. Kf5 Kf7 58. Qd7+ Kg8 59.
Kg6 Kf8 60. Qf7# 1-0

[Event "NAYCC U10"]
[Site "Windsor CAN"]
[Date "2016.08.08"]
[Round "3.146"]
[White "Yuan, Kevin"]
[Black "Marcelloni, Jacob"]
[Result "1-0"]
[WhiteElo "975"]
[BlackElo "786"]
[PlyCount "65"]
[EventDate "2016.08.07"]
[EventType "swiss"]
[EventRounds "9"]
[EventCountry "CAN"]

1. e4 c5 2. Nf3 Nc6 3. Bb5 Na5 4. d4 a6 5. Be2 e6 6. O-O Nf6 7. e5 Nd5 8. c4
Nb4 9. Be3 b6 10. d5 Be7 11. a3 Nxd5 12. cxd5 O-O 13. d6 Bh4 14. g3 Bxg3 15.
fxg3 Bb7 16. Bd2 Bd5 17. Bxa5 bxa5 18. Nc3 Bc6 19. Qc2 Qb6 20. Kg2 Rab8 21.
Rab1 Bxf3+ 22. Rxf3 Rfc8 23. Qe4 c4 24. Bxc4 Rc6 25. Qf4 f5 26. exf6 gxf6 27.
Qxf6 Qd8 28. Qf7+ Kh8 29. Qf4 Kg7 30. Rf2 Rbc8 31. Bd3 h5 32. Qf7+ Kh8 33. Qh7#
1-0